MYHS TB. FOR MIDWIVES (Record no. 1912)

MARC details
000 -LEADER
fixed length control field 00336nam a2200145Ia 4500
008 - FIXED-LENGTH DATA ELEMENTS--GENERAL INFORMATION
fixed length control field 150201s2009 xx 000 0 und d
082 ## - DEWEY DECIMAL CLASSIFICATION NUMBER
Classification number 610.7
Item number M09F
100 ## - MAIN ENTRY--PERSONAL NAME
Personal name FRASER , D.M.
245 ## - TITLE STATEMENT
Title MYHS TB. FOR MIDWIVES
250 ## - EDITION STATEMENT
Edition statement 15TH
260 ## - PUBLICATION, DISTRIBUTION, ETC. (IMPRINT)
Name of publisher, distributor, etc. CHARCHILL
Place of publication, distribution, etc. EDINBURGH
Date of publication, distribution, etc. 2009
300 ## - PHYSICAL DESCRIPTION
Extent 1122
650 ## - SUBJECT ADDED ENTRY--TOPICAL TERM
Topical term or geographic name as entry element MIDWIVES
942 ## - ADDED ENTRY ELEMENTS (KOHA)
Source of classification or shelving scheme Dewey Decimal Classification
Koha item type Books
Holdings
Withdrawn status Lost status Source of classification or shelving scheme Damaged status Not for loan Collection code Home library Current library Shelving location Date acquired Source of acquisition Cost, normal purchase price SGTU Total Checkouts Full call number Barcode Date last seen Date last checked out Bill Date Koha item type
    Dewey Decimal Classification     NURSING SGT Medical Library SGT Medical Library Text Book 09/02/2015 UBS DELHI 835.00 SGTU 1 610.7 M09F FN333 03/12/2019 18/11/2019 09/02/2015 Books
    Dewey Decimal Classification     NURSING SGT Medical Library SGT Medical Library Text Book 09/02/2015 UBS DELHI 835.00 SGTU 4 610.7 M09F FN334 07/01/2020 25/12/2019 09/02/2015 Books
    Dewey Decimal Classification     NURSING SGT Medical Library SGT Medical Library Text Book 09/02/2015 UBS DELHI 835.00 SGTU 5 610.7 M09F FN335 10/12/2019 22/11/2019 09/02/2015 Books
    Dewey Decimal Classification     NURSING SGT Medical Library SGT Medical Library Text Book 09/02/2015 UBS DELHI 835.00 SGTU   610.7 M09F FN336 09/02/2015   09/02/2015 Books